पर्यावरण, कल आज और कल / (Record no. 10759)

MARC details
000 -LEADER
fixed length control field 01133 a2200217 4500
005 - DATE AND TIME OF LATEST TRANSACTION
control field 20080828143628.0
008 - FIXED-LENGTH DATA ELEMENTS--GENERAL INFORMATION
fixed length control field 080828t xxu||||| |||| 00| 0 hin d
010 ## - LIBRARY OF CONGRESS CONTROL NUMBER
LC control number HIN-82619
020 ## - INTERNATIONAL STANDARD BOOK NUMBER
International Standard Book Number 8187247894
Terms of availability 700.00
035 ## - SYSTEM CONTROL NUMBER
System control number HN-54965
037 ## - SOURCE OF ACQUISITION
Source of stock number/acquisition पु.प्र.अ.प्र/प्रका
082 ## - DEWEY DECIMAL CLASSIFICATION NUMBER
Classification number 363.7
100 ## - MAIN ENTRY--PERSONAL NAME
Personal name व्यास, हरिश्चन्द्र
245 ## - TITLE STATEMENT
Title पर्यावरण, कल आज और कल /
Statement of responsibility, etc हरिश्चन्द्र व्यास
246 ## - VARYING FORM OF TITLE
Title proper/short title Paryavaran ; kal aaj aur kal
Remainder of title by Harishchandra Vyas
260 ## - PUBLICATION, DISTRIBUTION, ETC. (IMPRINT)
Place of publication, distribution, etc जयपुर
Name of publisher, distributor, etc श्याम प्रकाशन
Date of publication, distribution, etc 2006
270 ## - ADDRESS
Address फिल्म कालोनी,चौड़ा रास्ता
City जयपुर
Postal code 302003
Telephone number 0141-2317659
300 ## - PHYSICAL DESCRIPTION
Extent viii,396पृ
Dimensions 22 सेमी (सजिल्द)
942 ## - ADDED ENTRY ELEMENTS (KOHA)
Institution code [OBSOLETE] dpl
Koha item type Hindi Books
Call number prefix 363.7 / व्यासह
Source of classification or shelving scheme Dewey Decimal Classification
Classification part 363.7
Call number suffix व्यासह
Holdings
Withdrawn status Lost status Damaged status Not for loan Home library Current library Date acquired Cost, normal purchase price Total Checkouts Full call number Barcode Date last seen Copy number Uniform Resource Identifier Cost, replacement price Price effective from Koha item type
        D.B.Act.Division D.B.Act.Division   700.00   363.7 व्यासह HN-54965 15/09/2008 1 11851 700.00 15/09/2008 Hindi Books

© Delhi Public Library
Hit Counter
free hit counter